000 00899cam a22003017a 4500
003 CHAP
005 20220329135450.0
008 971013s1966 r 00010 d
010 _a36960
011 _a37932
035 _a42052
040 _cCHAP
082 _a574.87
_bP3
100 0 0 _aParker, Gary E.
_985586
245 1 4 _aThe structure and function of the cell
260 _aLondon :
_bPitman,
_c1966
300 _a81 p.
_b: ilus.
490 0 _aEMI Program Biology Series
590 _aBATCH-UPD
_b10
_c20130110
_lUCH01
_h1848
590 _aBATCH-UPD
_b10
_c20130410
_lUCH01
_h1217
590 _aBATCH-UPD
_b10
_c20130914
_lUCH01
_h0942
590 _aCONVERSION
_b10
_c20130109
_lUCH01
_h1321
650 1 4 _aCitologĂ­a.
_923489
830 0 _aEMI Program Biology Series
_936516
901 _aBK
942 _cLIBRO
949 _a574.87 P3
_bBC
_cLIBRO
_d33724000475323
_eLIBRO
_h17978
_i42052
_si
_t36.00
999 _c36960
_d36960